00324nam a2200097Ia 4500008004100000245005900041245003600100260000900136650003300145856004800178171204s9999 xx 000 0 und d aPerforming (for) Survival: Theatre, Crisis, Extremity: cLisa Peschel and Patrick Duggan c2016 xINTRODUCTION TO THEATRE ARTS uhttp://down.ebook777.com/041/1349568570.pdf